<?xml version="1.0" encoding="UTF-8"?>
<collection xmlns="http://www.loc.gov/MARC21/slim">
  <record>
    <leader>00000nam  2200000   4500</leader>
    <controlfield tag="001">INLIS000000000810128</controlfield>
    <controlfield tag="005">20251023091254</controlfield>
    <datafield tag="035" ind1="#" ind2="#">
      <subfield code="a">0010-1025000111</subfield>
    </datafield>
    <controlfield tag="007">ta</controlfield>
    <controlfield tag="008">251023###########################0######</controlfield>
    <datafield tag="082" ind1="#" ind2="#">
      <subfield code="a">297.211</subfield>
    </datafield>
    <datafield tag="084" ind1="#" ind2="#">
      <subfield code="a">297.211 HAL a</subfield>
    </datafield>
    <datafield tag="245" ind1="#" ind2="#">
      <subfield code="a">Aqidah dan Manhaj Syaikh Surkati /</subfield>
      <subfield code="c">Syaikh Ali bin Hasan Al-Halabi</subfield>
    </datafield>
    <datafield tag="250" ind1="#" ind2="#">
      <subfield code="a">Cet. 1,Muharram 1442 H / Agustus 2020</subfield>
    </datafield>
    <datafield tag="260" ind1="#" ind2="#">
      <subfield code="a">Surabaya : :</subfield>
      <subfield code="b">Sekolah Tinggi Agama Islam ALI bin Abi Thalib Surabaya</subfield>
    </datafield>
    <datafield tag="300" ind1="#" ind2="#">
      <subfield code=";"/>
      <subfield code="c">24 cm.</subfield>
    </datafield>
  </record>
</collection>
